00774nam a2200241 a 450000100060000000300080000600500170001400800410003103500190007204000260009104100080011708200220012510000320014724501240017925000120030326000280031530000520034349000260039550000460042165000250046765000140049283000260050656365BD-RjUL20211209080403.0161128s1961 enkaf 001 0 eng d a(BD-RjUL)56489 aBD-RjULbengcBD-RjUL aeng 223a301bFIE 19611 aFirth, Raymond,d1901-2002.10aElements of social organization :bJosiah Mason Lectures delivered at the University of Birmingham /cby Raymond Firth. a3rd ed. aLondon :bWatts,c1961. axi, 260 p., [11] p. of plates :bill. ;c22 cm.1 aJosiah Mason lectures aIncludes bibliographical notes and index. 0aPrimitive societies. 0aEthnology 0aJosiah Mason lectures